| 000 | 00735cam a22002413a 4500 | ||
|---|---|---|---|
| 001 | 6982 | ||
| 003 | PGUSA | ||
| 005 | 20140828083139.0 | ||
| 008 | 041101s2004||||xxu|||||s|||||000 | eng d | ||
| 040 |
_aPGUSA _beng |
||
| 042 | _adc | ||
| 050 | 4 | _aPS | |
| 100 | 1 |
_aHawthorne, Julian, _d1846-1934 |
|
| 245 | 1 | 0 |
_aHawthorne and His Circle _h[electronic resource] / _cJulian Hawthorne |
| 260 |
_bProject Gutenberg, _c2004 |
||
| 506 | _aPublic domain in the USA. | ||
| 516 | _aElectronic text | ||
| 653 | _aHawthorne, Nathaniel, 1804-1864 -- Friends and associates | ||
| 653 | _aNovelists, American -- 19th century -- Biography | ||
| 830 | 0 |
_aProject Gutenberg _v6982 |
|
| 856 | 4 | 0 | _uhttp://www.gutenberg.org/ebooks/6982 |
| 942 | _cEB | ||
| 999 |
_c236302 _d236302 |
||